| 000 | 01096nam a22003137a 4500 | ||
|---|---|---|---|
| 003 | CHAP | ||
| 005 | 20251002103645.0 | ||
| 008 | 971013s1984 r 00010 d | ||
| 010 | _a14456 | ||
| 011 | _a15428 | ||
| 035 | _a19504 | ||
| 040 | _cCHAP | ||
| 090 | _aTesis | ||
| 100 | 0 | 0 |
_aHernández Hernández, Jorge. _954141 |
| 245 | _aDigestibilidad y producción de materia seca del zacate pangola (Digitaria DmCumbens Stent) a diferentes frecuencias de corte | ||
| 260 |
_aMonterrey, N.L. : _bEl Autor, _c1984 |
||
| 300 | _a32 h. | ||
| 502 | _aTesis (Ing. Agrónomo Esp. en Zootecnia) -- ITESM. División de Ciencias Agropecuarias y Marítimas | ||
| 590 |
_aALEPH _b10 _c20130110 _lUCH01 _h1236 |
||
| 590 |
_aBATCH-UPD _b10 _c20130110 _lUCH01 _h2215 |
||
| 590 |
_aBATCH-UPD _b10 _c20130410 _lUCH01 _h1516 |
||
| 590 |
_aBATCH-UPD _b10 _c20130914 _lUCH01 _h1203 |
||
| 590 |
_aCONVERSION _b10 _c20130109 _lUCH01 _h1309 |
||
| 650 | 1 | 7 |
_aDigitaria decumbens _2 _932575 |
| 650 | 1 | 4 |
_aPastos _xDigestibilidad. _986015 |
| 901 | _aBK | ||
| 942 | _cTESIS | ||
| 949 |
_bBC _cTES _d-45399 _eTS1 _h17615 _i19504 _si |
||
| 999 |
_c14456 _d14456 |
||